Wales Rugby - 20 or more test tries - Statistics

General Stats
  • This quiz has been taken 536 times
  • The average score is 5 of 8
Answer Stats
Tries Player % Correct
58 Shane Williams
99%
39 George North
79%
40 Gareth Thomas
71%
20 Gerald Davies
68%
20 Gareth Edwards
60%
33 Ieuan Evans
47%
22 Colin Charvis
43%
20 Tom Shanklin
29%
No matching quizzes found
Score Distribution
Percent of People with Each Score
Percentile by Number Answered
Your Score History
You have not taken this quiz